États-Unis: villes de plus de 500 000 habitants - Statistiques

Statistiques générales
  • Ce quiz a été pris 111 fois
  • Le résultat moyen est 24 sur 37
Statistiques - réponses
Classement Population État Nom de la commune % Correct
1 8 804 000 New York New York
100%
2 3 898 000 Californie Los Angeles
98%
3 2 746 000 Illinois Chicago
96%
4 2 304 000 Texas Houston
93%
26 641 000 Nevada Las Vegas
93%
17 873 000 Californie San Francisco
93%
9 1 304 000 Texas Dallas
89%
21 689 000 District de Columbia Washington DC
89%
6 1 603 000 Pennsylvanie Philadelphie
88%
24 675 000 Massachussets Boston
86%
19 715 000 Colorado Denver
84%
5 1 608 000 Arizona Phoenix
84%
18 737 000 Washington Seattle
82%
15 887 000 Indiana Indianapolis
79%
27 639 000 Michigan Détroit
78%
11 961 000 Texas Austin
74%
7 1 434 000 Texas San Antonio
74%
8 1 386 000 Californie San Diego
70%
22 681 000 Oklahoma Oklahoma City
69%
16 874 000 Caroline du Nord Charlotte
64%
35 524 000 Californie Sacramento
64%
12 949 000 Floride Jacksonville
63%
25 652 000 Oregon Portland
61%
20 689 000 Tennessee Nashville
60%
28 633 000 Tennessee Memphis
57%
32 564 000 Nouveau-Mexique Albuquerque
53%
10 1 013 000 Californie San José
53%
30 585 000 Maryland Baltimore
48%
36 508 000 Missouri Kansas City
43%
31 577 000 Wisconsin Milwaukee
43%
23 678 000 Texas El Paso
40%
13 918 000 Texas Fort Worth
39%
29 633 000 Kentucky Louisville
39%
14 905 000 Ohio Columbus
36%
33 542 000 Arizona Tucson
31%
34 542 000 Californie Fresno
22%
37 504 000 Arizona Mesa
13%
Aucun quiz correspondant
Distribution des résultats
% des personnes avec chaque résultat
Percentile par nombre de réponses
Votre historique - résultats
Vous n’avez pas pris ce quiz